Xây dựng Đảng rèn luyện Đảng viên theo tư tưởng Hồ Chí Minh

Tập hợp một số bài viết của lãnh tụ Hồ Chí Minh và các vị lãnh đạo của Đảng về xây dựng và chỉnh đốn Đảng qua các kỳ đại hội. Tư tưởng Hồ Chí Minh về các vai trò lãnh đạo và sức chiến đấu của Đảng trong điều kiện Đảng cầm quyền. Đổi mới phương thức lãnh đạo của Đảng...

Ful tanımlama

Kaydedildi:
Detaylı Bibliyografya
Materyal Türü: Kitap
Dil:Vietnamese
Baskı/Yayın Bilgisi: H. Quân đội nhân dân 2003
Konular:
Etiketler: Etiketle
Etiket eklenmemiş, İlk siz ekleyin!
Thư viện lưu trữ: Mạng thư viện Đại học Đà Nẵng
LEADER 01544nam a22003738a 4500
001 000015736
003 12119
005 20120601150601.0
008 120601s2003 b 000 0 od
020 |c 275000đ  |d 2030b 
041 0 |a 0303 
041 0 |a tch 
041 0 |a vie 
080 |a 3KV3 
082 |a 324.2597071  |b Xây 
084 |a R61(1)3  |b X126D 
245 1 0 |a Xây dựng Đảng rèn luyện Đảng viên theo tư tưởng Hồ Chí Minh 
260 |a H.  |b Quân đội nhân dân  |c 2003 
300 |a 638tr  |c 27cm 
520 |a Tập hợp một số bài viết của lãnh tụ Hồ Chí Minh và các vị lãnh đạo của Đảng về xây dựng và chỉnh đốn Đảng qua các kỳ đại hội. Tư tưởng Hồ Chí Minh về các vai trò lãnh đạo và sức chiến đấu của Đảng trong điều kiện Đảng cầm quyền. Đổi mới phương thức lãnh đạo của Đảng 
653 |a Đảng Cộng sản Việt Nam 
653 |a Tư tưởng Hồ Chí Minh 
653 |a Xây dựng Đảng 
653 |a Đảng viên 
OWN |a LSP 
AVA |a UDN50  |b LSP  |d 324.2597071 Xây  |e available  |t Error 5001 Not defined in file expand_doc_bib_avail.  |f 1  |g 0  |h N  |i 0  |k 1 
999 |a From the UDN01 
AVA |a UDN50  |b LSP  |d 324.2597071 Xây  |e available  |t Error 5001 Not defined in file expand_doc_bib_avail.  |f 1  |g 0  |h N  |i 0  |k 1 
TYP |a Monograph 
TYP |a Printed language 
980 |a Mạng thư viện Đại học Đà Nẵng